Accuracy inspection of a quasi static error in CNC lathe machine using laser measurement system /
Saved in:
| 主要作者: | |
|---|---|
| 格式: | Thesis 图书 |
| 语言: | English |
| 出版: |
2011.
|
| 主题: | |
| 标签: |
添加标签
没有标签, 成为第一个标记此记录!
|
| LEADER | 01174cam a2200265 a 4500 | ||
|---|---|---|---|
| 001 | u836476 | ||
| 003 | SIRSI | ||
| 005 | 201108151600 | ||
| 008 | 110815s2011 my a t 000 0 eng m | ||
| 040 | |a UMM | ||
| 090 | |a TS176 |b UM 2011 Shas | ||
| 097 | |a TS176 |b UM 2011 Shas | ||
| 100 | 0 | |a Shafizan Shariffuddin. | |
| 245 | 1 | 0 | |a Accuracy inspection of a quasi static error in CNC lathe machine using laser measurement system / |c Shafizan Shariffuddin. |
| 260 | |c 2011. | ||
| 300 | |a xv, 113 leaves : |b ill. ; |c 30 cm. | ||
| 502 | |a Dissertation (M.Eng. (Manuf.)) -- Jabatan Kejuruteraan Rekabentuk dan Pembuatan, Fakulti Kejuruteraan, Universiti Malaya, 2011. | ||
| 504 | |a Bibliography: leaves 80-85. | ||
| 650 | 0 | |a Machine-tools |x Numerical control |x Data processing. | |
| 650 | 0 | |a Laser interferometers |x Industrial applications. | |
| 710 | 2 | |a Universiti Malaya. |b Jabatan Kejuruteraan Rekabentuk dan Pembuatan. | |
| 900 | |a NHS-ZA | ||
| 596 | |a 1 7 | ||
| 999 | |a TS176 UM 2011 SHAS |w LC |c 1 |i A514827625 |d 29/6/2012 |f 29/6/2012 |g 1 |l STACKS |m P01UTAMA |r Y |s Y |t TESIS |u 29/6/2012 | ||
| 999 | |a TS176 UM 2011 SHAS |w LC |c 1 |i A514904384 |d 29/1/2013 |f 29/1/2013 |g 1 |l STACKS |m P07JURUTER |r Y |s Y |t BUKU |u 29/1/2013 | ||
